|
|
|
|
| LEADER |
00000naa2a2200000 4500 |
| 001 |
607871 |
| 005 |
20260313162806.0 |
| 035 |
|
|
|a (RuTPU)RU\TPU\conf\5277
|
| 035 |
|
|
|a RU\TPU\conf\5276
|
| 090 |
|
|
|a 607871
|
| 100 |
|
|
|a 20140903d2014 k||y0rusy50 ba
|
| 101 |
0 |
|
|a eng
|
| 102 |
|
|
|a RU
|
| 135 |
|
|
|a drgn ---uucaa
|
| 181 |
|
0 |
|a i
|
| 182 |
|
0 |
|a b
|
| 200 |
1 |
|
|a New biomedical interface for artificial limbs: review
|f N. V. Turushev, M. A. Yuzhakova
|
| 203 |
|
|
|a Текст
|c электронный
|
| 215 |
|
|
|a 1 файл (82 Кб)
|
| 225 |
1 |
|
|a Научно-исследовательская работа молодежи в условиях современного образовательного процесса в вузах России: опыт, традиции, новые формы, проблемы, перспективы. Наука и инновации
|
| 300 |
|
|
|a Заглавие с экрана
|
| 320 |
|
|
|a [Библиогр.: с. 83 (6 назв.)]
|
| 337 |
|
|
|a Adobe Reader
|
| 463 |
|
1 |
|0 (RuTPU)RU\TPU\conf\5123
|t Лингвистика и межкультурная коммуникация: теоретические и методологические проблемы современного образования
|o сборник трудов II Российской научно-практический конференции с международным участием, г. Томск, 14-16 мая 2014 г.
|f Национальный исследовательский Томский политехнический университет (ТПУ)
|v [С. 80-83]
|d 2014
|
| 610 |
1 |
|
|a электронный ресурс
|
| 610 |
1 |
|
|a труды учёных ТПУ
|
| 610 |
1 |
|
|a интерфейсы
|
| 610 |
1 |
|
|a биомедицинские интерфейсы
|
| 610 |
1 |
|
|a протезы
|
| 610 |
1 |
|
|a опорно-двигательный аппарат
|
| 700 |
|
1 |
|a Turushev
|b N. V.
|c specialist in the field of instrumentation
|c Engineer of Tomsk Polytechnic University
|f 1990-
|g Nikita Vladimirovich
|3 (RuTPU)RU\TPU\pers\32603
|
| 701 |
|
1 |
|a Yuzhakova
|b M. A.
|c Linguist
|c Senior Lecturer of Tomsk Polytechnic University
|f 1980-
|g Maria Aleksandrovna
|3 (RuTPU)RU\TPU\pers\31174
|9 15370
|
| 712 |
0 |
2 |
|a Национальный исследовательский Томский политехнический университет (ТПУ)
|b Институт неразрушающего контроля (ИНК)
|b Лаборатория № 63 (Медицинского приборостроения)
|3 (RuTPU)RU\TPU\col\19731
|
| 712 |
0 |
2 |
|a Национальный исследовательский Томский политехнический университет (ТПУ)
|b Институт неразрушающего контроля (ИНК)
|b Кафедра иностранных языков Института неразрушающего контроля (ИЯНК)
|3 (RuTPU)RU\TPU\col\18721
|
| 801 |
|
1 |
|a RU
|b 63413507
|c 20101016
|
| 801 |
|
2 |
|a RU
|b 63413507
|c 20220211
|g RCR
|
| 856 |
4 |
|
|u http://earchive.tpu.ru/handle/11683/21586
|
| 856 |
4 |
|
|u http://www.lib.tpu.ru/fulltext/c/2014/C78/035.pdf
|
| 942 |
|
|
|c BK
|